[Event "MCR mladeze v rapidu 2019"]
[Site "Trest"]
[Date "2019.09.07"]
[Round "6"]
[White "Frank, Adam"]
[Black "Jun, Rudolf"]
[Result "1-0"]
[BlackElo "2209"]
[WhiteElo "2371"]
[LiveChessVersion "1.4.8"]

1. e4 {[%clk 0:20:08]} c5 {[%clk 0:20:02]} 2. Nf3 {[%clk 0:20:12]} Nc6
{[%clk 0:20:00]} 3. d4 {[%clk 0:20:16]} cxd4 {[%clk 0:20:03]} 4. Nxd4
{[%clk 0:20:20]} Nf6 {[%clk 0:20:07]} 5. Nc3 {[%clk 0:20:24]} e5 {[%clk 0:20:09]}
6. Ndb5 {[%clk 0:20:29]} d6 {[%clk 0:20:13]} 7. Bg5 {[%clk 0:20:30]} a6
{[%clk 0:20:18]} 8. Na3 {[%clk 0:20:34]} b5 {[%clk 0:20:22]} 9. Bxf6
{[%clk 0:20:39]} gxf6 {[%clk 0:20:25]} 10. Nd5 {[%clk 0:20:41]} f5
{[%clk 0:19:55]} 11. exf5 {[%clk 0:20:44]} Bxf5 {[%clk 0:19:54]} 12. c3
{[%clk 0:20:48]} Bg7 {[%clk 0:19:50]} 13. Nc2 {[%clk 0:20:51]} O-O
{[%clk 0:19:47]} 14. Nce3 {[%clk 0:20:55]} Be6 {[%clk 0:19:51]} 15. Bd3
{[%clk 0:20:59]} f5 {[%clk 0:19:54]} 16. O-O {[%clk 0:21:02]} e4 {[%clk 0:19:07]}
17. Nf4 {[%clk 0:21:05]} Qf6 {[%clk 0:17:23]} 18. Bc2 {[%clk 0:20:51]} Bf7
{[%clk 0:17:27]} 19. a4 {[%clk 0:19:55]} Ne5 {[%clk 0:16:58]} 20. Bb3
{[%clk 0:18:32]} Qg5 {[%clk 0:15:25]} 21. Bxf7+ {[%clk 0:17:24]} Rxf7
{[%clk 0:14:32]} 22. Ned5 {[%clk 0:16:05]} Re8 {[%clk 0:13:57]} 23. axb5
{[%clk 0:15:53]} axb5 24. Ra6 {[%clk 0:14:50]} Qh6 {[%clk 0:08:43]} 25. Qe2
{[%clk 0:13:16]} Ng4 {[%clk 0:07:46]} 26. h3 {[%clk 0:13:17]} Be5
{[%clk 0:07:22]} 27. Qxb5 {[%clk 0:10:07]} Ref8 {[%clk 0:07:26]} 28. hxg4
{[%clk 0:09:36]} Bxf4 {[%clk 0:07:29]} 29. Nxf4 {[%clk 0:09:40]} Qxf4
{[%clk 0:07:32]} 30. Qd5 {[%clk 0:09:22]} Qxg4 {[%clk 0:07:11]} 31. Rxd6
{[%clk 0:09:00]} h5 {[%clk 0:06:33]} 32. f3 {[%clk 0:08:33]} exf3
{[%clk 0:05:07]} 33. Rxf3 {[%clk 0:08:26]} Re8 {[%clk 0:05:11]} 34. Rd8
{[%clk 0:08:15]} Rxd8 {[%clk 0:05:00]} 35. Qxd8+ {[%clk 0:08:19]} Kh7
{[%clk 0:05:05]} 36. Qd5 {[%clk 0:08:10]} Rf6 {[%clk 0:04:44]} 37. Qd4
{[%clk 0:07:01]} Qxd4+ {[%clk 0:04:48]} 38. cxd4 {[%clk 0:07:06]} Kg6
{[%clk 0:04:52]} 39. Kf2 {[%clk 0:07:02]} Kg5 {[%clk 0:04:44]} 40. d5
{[%clk 0:05:31]} Rd6 {[%clk 0:04:20]} 41. Rd3 {[%clk 0:05:35]} f4
{[%clk 0:04:24]} 42. Kf3 {[%clk 0:05:29]} Kf5 {[%clk 0:04:22]} 43. Rd1
{[%clk 0:04:52]} Ke5 {[%clk 0:03:07]} 44. Re1+ {[%clk 0:04:37]} Kf5
{[%clk 0:03:11]} 45. Rh1 {[%clk 0:04:34]} Rh6 {[%clk 0:03:09]} 46. b4
{[%clk 0:03:25]} Ke5 {[%clk 0:03:13]} 47. Rd1 {[%clk 0:03:26]} Rd6
{[%clk 0:02:54]} 48. b5 {[%clk 0:03:19]} Kf5 {[%clk 0:02:16]} 49. Rh1
{[%clk 0:02:59]} Kg5 {[%clk 0:01:46]} 50. Ke4 {[%clk 0:02:58]} Rb6
{[%clk 0:01:51]} 51. Rb1 {[%clk 0:02:55]} Kg4 {[%clk 0:01:53]} 52. Rb3
{[%clk 0:02:52]} h4 {[%clk 0:01:46]} 53. Ke5 {[%clk 0:02:27]} f3 {[%clk 0:01:49]}
54. gxf3+ {[%clk 0:02:31]} Kg3 {[%clk 0:01:32]} 55. f4+ {[%clk 0:02:24]} Kg2
{[%clk 0:01:36]} 56. d6 {[%clk 0:02:27]} h3 {[%clk 0:01:34]} 57. d7
{[%clk 0:02:31]} Rb8 {[%clk 0:01:26]} 58. Ke6 {[%clk 0:02:31]} h2
{[%clk 0:01:17]} 59. Rb2+ {[%clk 0:02:35]} Kg1 {[%clk 0:01:21]} 60. Rxh2
{[%clk 0:02:39]} Kxh2 {[%clk 0:01:25]} 61. Ke7 {[%clk 0:02:44]} 1-0

[Event "MCR mladeze v rapidu 2019"]
[Site "Trest"]
[Date "2019.09.07"]
[Round "6"]
[White "Dudek, Vojtech"]
[Black "Mach, Petr"]
[Result "0-1"]
[BlackElo "1911"]
[WhiteElo "1983"]
[LiveChessVersion "1.4.8"]

1. e4 d5 2. exd5 Nf6 3. Bb5+ Bd7 4. Bxd7+ Qxd7 5. Nf3 Qxd5 6. d4 Nc6 7. Qe2 O-O-O
8. c3 e6 9. O-O Bd6 10. b4 Qh5 11. b5 Bxh2+ 12. Kh1 Bd6+ 13. Kg1 Ne7 14. Ba3 Bh2+
15. Kh1 Nf5 16. Nbd2 Bd6+ 0-1

[Event "MCR mladeze v rapidu 2019"]
[Site "Trest"]
[Date "2019.09.07"]
[Round "6"]
[White "Vojta, Jakub"]
[Black "Jares, Michal"]
[Result "1-0"]
[BlackElo "1961"]
[WhiteElo "2086"]
[LiveChessVersion "1.4.8"]

1. e4 {[%clk 0:20:07]} c5 {[%clk 0:20:05]} 2. Nf3 {[%clk 0:20:09]} d6
{[%clk 0:20:03]} 3. d4 {[%clk 0:20:12]} cxd4 {[%clk 0:20:05]} 4. Nxd4
{[%clk 0:20:15]} Nf6 {[%clk 0:20:06]} 5. f3 {[%clk 0:20:19]} g6 {[%clk 0:19:45]}
6. c4 {[%clk 0:20:17]} Bg7 {[%clk 0:19:43]} 7. Nc3 {[%clk 0:20:20]} O-O
{[%clk 0:19:41]} 8. Be3 {[%clk 0:20:22]} Nc6 {[%clk 0:19:41]} 9. Be2
{[%clk 0:20:24]} Bd7 {[%clk 0:19:38]} 10. O-O {[%clk 0:20:17]} Nxd4
{[%clk 0:19:11]} 11. Bxd4 {[%clk 0:20:19]} Bc6 {[%clk 0:19:08]} 12. Qd2
{[%clk 0:20:06]} Nd7 {[%clk 0:18:56]} 13. Be3 {[%clk 0:20:02]} a5
{[%clk 0:18:34]} 14. b3 {[%clk 0:19:58]} Nc5 {[%clk 0:18:01]} 15. Rab1
{[%clk 0:19:59]} Qb6 {[%clk 0:16:42]} 16. Rfc1 {[%clk 0:19:59]} Qb4
{[%clk 0:15:53]} 17. Nd5 {[%clk 0:17:59]} Bxd5 {[%clk 0:15:30]} 18. cxd5
{[%clk 0:16:49]} Qxd2 {[%clk 0:15:12]} 19. Bxd2 {[%clk 0:16:52]} Bd4+
{[%clk 0:14:28]} 20. Kf1 {[%clk 0:16:48]} Rfc8 {[%clk 0:12:53]} 21. Bb5
{[%clk 0:16:34]} b6 {[%clk 0:11:15]} 22. Ke2 {[%clk 0:16:24]} Ra7
{[%clk 0:10:45]} 23. Rc4 {[%clk 0:15:56]} Bg7 {[%clk 0:10:00]} 24. a3
{[%clk 0:13:17]} Rca8 {[%clk 0:08:45]} 25. Be3 {[%clk 0:11:44]} Rb8
{[%clk 0:08:03]} 26. Rbc1 {[%clk 0:10:59]} h5 {[%clk 0:05:56]} 27. b4
{[%clk 0:10:34]} axb4 {[%clk 0:05:15]} 28. axb4 {[%clk 0:10:35]} Ra2+
{[%clk 0:03:30]} 29. R4c2 {[%clk 0:09:00]} Rxc2+ {[%clk 0:03:29]} 30. Rxc2
{[%clk 0:09:03]} Nb3 {[%clk 0:02:48]} 31. Kd3 {[%clk 0:08:50]} Ra8
{[%clk 0:02:07]} 32. Bxb6 {[%clk 0:07:11]} Rb8 {[%clk 0:01:13]} 33. Rc6
{[%clk 0:07:10]} Nc1+ {[%clk 0:00:37]} 34. Kc2 {[%clk 0:06:35]} Na2
{[%clk 0:00:30]} 35. Kb3 {[%clk 0:06:32]} Nc1+ {[%clk 0:00:26]} 36. Ka3
{[%clk 0:06:09]} Bh6 {[%clk 0:00:11]} 37. Bc4 {[%clk 0:05:52]} Ra8+
{[%clk 0:00:10]} 38. Ba5 {[%clk 0:05:27]} Bd2 {[%clk 0:00:10]} 39. Bf1
{[%clk 0:05:09]} Kh7 {[%clk 0:00:09]} 40. Kb2 {[%clk 0:04:59]} Rb8
{[%clk 0:00:08]} 41. Rc7 {[%clk 0:04:11]} Kg7 {[%clk 0:00:07]} 42. Rxe7
{[%clk 0:03:59]} Rc8 {[%clk 0:00:07]} 43. Rc7 {[%clk 0:03:51]} Rb8
{[%clk 0:00:08]} 44. Rxc1 {[%clk 0:03:31]} Bxc1+ 45. Kxc1 {[%clk 0:03:35]} Kf6
{[%clk 0:00:12]} 46. f4 {[%clk 0:03:05]} g5 {[%clk 0:00:14]} 47. g3
{[%clk 0:03:02]} gxf4 {[%clk 0:00:16]} 48. gxf4 {[%clk 0:03:06]} Rg8
{[%clk 0:00:14]} 49. Kd2 {[%clk 0:02:45]} Rg1 {[%clk 0:00:11]} 50. Ke2
{[%clk 0:02:36]} Rh1 {[%clk 0:00:08]} 51. Bd8+ {[%clk 0:01:55]} Kg7
{[%clk 0:00:09]} 52. h3 {[%clk 0:01:48]} Rh2+ {[%clk 0:00:12]} 53. Kf3
{[%clk 0:01:44]} Rb2 {[%clk 0:00:10]} 54. b5 {[%clk 0:01:46]} Rb3+
{[%clk 0:00:11]} 55. Kf2 {[%clk 0:01:45]} Kf8 {[%clk 0:00:09]} 56. Bf6
{[%clk 0:01:20]} Ke8 {[%clk 0:00:10]} 57. Kg2 {[%clk 0:01:11]} Rb4
{[%clk 0:00:10]} 58. Bd3 {[%clk 0:00:49]} Rb3 {[%clk 0:00:10]} 59. Be2
{[%clk 0:00:52]} Rb4 {[%clk 0:00:12]} 60. Bf3 {[%clk 0:00:28]} Rxb5
{[%clk 0:00:15]} 61. Bxh5 {[%clk 0:00:32]} Rb4 {[%clk 0:00:15]} 62. Bf3
{[%clk 0:00:36]} Rb3 {[%clk 0:00:14]} 63. Kg3 {[%clk 0:00:39]} Rb1
{[%clk 0:00:14]} 64. Kg4 {[%clk 0:00:43]} Rg1+ {[%clk 0:00:14]} 65. Kf5
{[%clk 0:00:43]} Rf1 {[%clk 0:00:11]} 66. Bg4 {[%clk 0:00:39]} Rf2
{[%clk 0:00:10]} 67. h4 {[%clk 0:00:42]} Rh2 {[%clk 0:00:11]} 68. h5
{[%clk 0:00:45]} Rh1 {[%clk 0:00:12]} 69. Bg7 {[%clk 0:00:30]} Rh2
{[%clk 0:00:11]} 70. h6 {[%clk 0:00:25]} Ke7 {[%clk 0:00:12]} 71. Kg5
{[%clk 0:00:25]} f6+ {[%clk 0:00:11]} 72. Bxf6+ {[%clk 0:00:28]} Kf7
{[%clk 0:00:14]} 73. Be6+ {[%clk 0:00:28]} Kf8 {[%clk 0:00:15]} 74. e5
{[%clk 0:00:24]} Rg2+ {[%clk 0:00:16]} 75. Kf5 {[%clk 0:00:27]} dxe5
{[%clk 0:00:16]} 76. fxe5 {[%clk 0:00:28]} Rf2+ {[%clk 0:00:16]} 77. Kg6
{[%clk 0:00:32]} Rg2+ {[%clk 0:00:18]} 78. Bg5 {[%clk 0:00:36]} Rh2
{[%clk 0:00:16]} 79. d6 {[%clk 0:00:36]} Ke8 {[%clk 0:00:18]} 80. d7+
{[%clk 0:00:38]} 1-0

[Event "MCR mladeze v rapidu 2019"]
[Site "Trest"]
[Date "2019.09.07"]
[Round "6"]
[White "Pribyl, Viktor"]
[Black "Kures, Michael"]
[Result "1-0"]
[BlackElo "1944"]
[WhiteElo "1859"]
[LiveChessVersion "1.4.8"]

1. e4 {[%clk 0:20:09]} c5 {[%clk 0:20:09]} 2. Nf3 {[%clk 0:20:13]} Nc6
{[%clk 0:20:11]} 3. Bb5 {[%clk 0:20:17]} d6 {[%clk 0:20:09]} 4. O-O
{[%clk 0:20:05]} Bd7 {[%clk 0:20:13]} 5. Re1 {[%clk 0:19:44]} e6 {[%clk 0:20:02]}
6. c3 {[%clk 0:19:29]} Nge7 {[%clk 0:20:02]} 7. d4 {[%clk 0:18:57]} cxd4
{[%clk 0:19:58]} 8. cxd4 {[%clk 0:18:57]} d5 {[%clk 0:20:01]} 9. Nc3
{[%clk 0:18:00]} a6 {[%clk 0:19:55]} 10. Ba4 {[%clk 0:16:19]} dxe4
{[%clk 0:18:59]} 11. Rxe4 {[%clk 0:15:54]} b5 {[%clk 0:17:49]} 12. Bb3
{[%clk 0:15:14]} b4 {[%clk 0:17:22]} 13. Na4 {[%clk 0:14:24]} g6 {[%clk 0:16:57]}
14. d5 {[%clk 0:12:47]} exd5 {[%clk 0:16:47]} 15. Bxd5 {[%clk 0:11:43]} Be6
{[%clk 0:16:28]} 16. Bxc6+ {[%clk 0:11:04]} Nxc6 {[%clk 0:16:31]} 17. Qe2
{[%clk 0:07:53]} Bg7 {[%clk 0:13:27]} 18. Bg5 {[%clk 0:07:41]} Qc7
{[%clk 0:11:52]} 19. Rc1 {[%clk 0:07:09]} O-O {[%clk 0:08:05]} 20. Rxe6
{[%clk 0:06:54]} fxe6 {[%clk 0:07:52]} 21. Qxe6+ {[%clk 0:06:58]} Qf7
{[%clk 0:07:36]} 22. Rxc6 {[%clk 0:06:14]} Qxe6 {[%clk 0:07:21]} 23. Rxe6
{[%clk 0:06:18]} Rac8 {[%clk 0:07:25]} 24. Rxa6 {[%clk 0:05:39]} Bf6
{[%clk 0:07:11]} 25. h4 {[%clk 0:05:12]} Bxg5 {[%clk 0:07:08]} 26. hxg5
{[%clk 0:05:08]} Rc1+ {[%clk 0:07:11]} 27. Kh2 {[%clk 0:05:12]} Ra1
{[%clk 0:07:15]} 28. Nc5 {[%clk 0:04:56]} Rc8 {[%clk 0:07:10]} 29. Nd3
{[%clk 0:03:54]} b3 {[%clk 0:07:08]} 30. a3 {[%clk 0:03:59]} Rd1 {[%clk 0:07:06]}
31. Nfe5 {[%clk 0:03:42]} Rb8 {[%clk 0:06:54]} 32. Ra4 {[%clk 0:03:31]} Rd8
{[%clk 0:06:47]} 33. Rb4 {[%clk 0:02:29]} R8xd3 {[%clk 0:06:21]} 34. Nxd3
{[%clk 0:02:33]} Rxd3 {[%clk 0:06:24]} 35. a4 {[%clk 0:02:36]} Kf7
{[%clk 0:06:24]} 36. Rb7+ {[%clk 0:02:33]} Ke6 {[%clk 0:06:29]} 37. a5
{[%clk 0:02:31]} Rd5 {[%clk 0:06:29]} 38. a6 {[%clk 0:01:42]} Rxg5
{[%clk 0:06:26]} 39. Rxb3 {[%clk 0:01:18]} Ra5 {[%clk 0:06:29]} 40. Ra3
{[%clk 0:01:22]} 1-0

[Event "MCR mladeze v rapidu 2019"]
[Site "Trest"]
[Date "2019.09.07"]
[Round "6"]
[White "Sulcova, Tereza Radmila"]
[Black "Trasakova, Adela"]
[Result "1/2-1/2"]
[BlackElo "1656"]
[WhiteElo "1580"]
[LiveChessVersion "1.4.8"]

1. d4 {[%clk 0:20:06]} d5 {[%clk 0:20:09]} 2. Nf3 {[%clk 0:20:09]} c6
{[%clk 0:20:11]} 3. e3 {[%clk 0:20:10]} Bf5 {[%clk 0:20:14]} 4. Bd3
{[%clk 0:20:12]} e6 {[%clk 0:20:15]} 5. Nbd2 {[%clk 0:20:13]} Nf6
{[%clk 0:20:13]} 6. O-O {[%clk 0:20:15]} Bd6 {[%clk 0:19:59]} 7. Qe2
{[%clk 0:19:48]} Ne4 {[%clk 0:19:54]} 8. c4 {[%clk 0:19:18]} Nd7 {[%clk 0:19:48]}
9. c5 {[%clk 0:18:56]} Bc7 {[%clk 0:19:45]} 10. Bxe4 {[%clk 0:17:24]} dxe4
{[%clk 0:19:38]} 11. Ne1 Qh4 {[%clk 0:18:44]} 12. g3 {[%clk 0:16:43]} Qh6
{[%clk 0:18:14]} 13. Ng2 {[%clk 0:16:24]} g5 {[%clk 0:17:39]} 14. f3
{[%clk 0:13:25]} exf3 {[%clk 0:15:48]} 15. Nxf3 {[%clk 0:13:10]} Bg4
{[%clk 0:14:50]} 16. Qf2 {[%clk 0:13:04]} O-O-O {[%clk 0:13:26]} 17. b4
{[%clk 0:12:33]} Rdg8 {[%clk 0:12:08]} 18. e4 {[%clk 0:10:56]} Bd8
{[%clk 0:10:30]} 19. h4 {[%clk 0:08:51]} Bxf3 {[%clk 0:08:32]} 20. Qxf3
{[%clk 0:08:53]} Qf6 {[%clk 0:08:31]} 21. Qxf6 {[%clk 0:07:10]} Nxf6
{[%clk 0:07:04]} 22. e5 {[%clk 0:06:57]} Ne4 {[%clk 0:05:59]} 23. Kh2
{[%clk 0:06:43]} gxh4 {[%clk 0:05:34]} 24. gxh4 {[%clk 0:06:25]} Rg7
{[%clk 0:05:02]} 25. Rf4 {[%clk 0:04:45]} Rhg8 1/2-1/2

[Event "MCR mladeze v rapidu 2019"]
[Site "Trest"]
[Date "2019.09.07"]
[Round "6"]
[White "Strnadova, Monika"]
[Black "Voriskova, Anna"]
[Result "0-1"]
[BlackElo "1591"]
[WhiteElo "1548"]
[LiveChessVersion "1.4.8"]

1. e4 {[%clk 0:20:08]} c5 {[%clk 0:20:09]} 2. Nf3 {[%clk 0:20:12]} Nc6
{[%clk 0:20:11]} 3. d4 {[%clk 0:20:16]} cxd4 {[%clk 0:20:13]} 4. Nxd4
{[%clk 0:20:19]} Nf6 {[%clk 0:20:16]} 5. Nc3 {[%clk 0:20:23]} e5 {[%clk 0:20:18]}
6. Nb3 {[%clk 0:20:14]} Bb4 {[%clk 0:20:13]} 7. Bd3 {[%clk 0:19:15]} d5
{[%clk 0:19:33]} 8. exd5 {[%clk 0:18:53]} Nxd5 {[%clk 0:19:35]} 9. Bd2
{[%clk 0:18:42]} Bxc3 {[%clk 0:19:20]} 10. Bxc3 {[%clk 0:18:40]} Nxc3
{[%clk 0:19:11]} 11. bxc3 {[%clk 0:18:42]} O-O {[%clk 0:18:01]} 12. O-O
{[%clk 0:18:44]} Qc7 {[%clk 0:17:40]} 13. Re1 {[%clk 0:18:16]} f5
{[%clk 0:17:04]} 14. Bc4+ {[%clk 0:17:49]} Kh8 {[%clk 0:17:06]} 15. Re3
{[%clk 0:16:21]} f4 {[%clk 0:16:41]} 16. Rd3 {[%clk 0:15:54]} e4 {[%clk 0:16:01]}
17. Rd5 {[%clk 0:15:02]} Be6 {[%clk 0:15:06]} 18. Rc5 {[%clk 0:12:49]} Bxc4
{[%clk 0:14:22]} 19. Rxc4 {[%clk 0:12:50]} Rae8 {[%clk 0:13:48]} 20. Nd4
{[%clk 0:10:39]} Qf7 {[%clk 0:13:28]} 21. Rc5 {[%clk 0:09:57]} Nxd4
{[%clk 0:13:29]} 22. Qxd4 {[%clk 0:09:42]} f3 {[%clk 0:12:51]} 23. g3
{[%clk 0:09:24]} e3 {[%clk 0:12:29]} 24. fxe3 {[%clk 0:08:45]} f2+
{[%clk 0:12:31]} 25. Kf1 {[%clk 0:08:07]} Qf3 {[%clk 0:11:59]} 26. Qd1
{[%clk 0:07:03]} Qh1+ {[%clk 0:11:20]} 27. Ke2 {[%clk 0:07:01]} f1=Q+
{[%clk 0:11:16]} 28. Qxf1 {[%clk 0:07:05]} Rxf1 {[%clk 0:11:14]} 29. Rxf1
{[%clk 0:07:09]} Qxh2+ {[%clk 0:11:12]} 30. Rf2 {[%clk 0:07:11]} Qxg3
{[%clk 0:11:10]} 31. Rf3 {[%clk 0:06:58]} Qg2+ {[%clk 0:11:06]} 32. Rf2
{[%clk 0:06:51]} Qe4 {[%clk 0:11:05]} 33. Rf3 {[%clk 0:06:41]} Qxc2+
{[%clk 0:11:06]} 34. Kf1 {[%clk 0:06:44]} h6 {[%clk 0:11:08]} 0-1

[Event "MCR mladeze v rapidu 2019"]
[Site "Trest"]
[Date "2019.09.07"]
[Round "6"]
[White "Markova, Karolina"]
[Black "Stastna, Martina"]
[Result "0-1"]
[BlackElo "1657"]
[WhiteElo "1518"]
[LiveChessVersion "1.4.8"]

1. e4 e5 {[%clk 1:30:50]} 2. Nf3 {[%clk 1:31:18]} Nc6 {[%clk 1:31:13]} 3. d4
{[%clk 1:31:42]} exd4 {[%clk 1:31:13]} 4. Bc4 {[%clk 1:31:42]} Bb4+
{[%clk 1:31:13]} 5. c3 {[%clk 1:31:42]} dxc3 {[%clk 1:31:13]} 6. bxc3
{[%clk 1:31:42]} Be7 {[%clk 1:31:13]} 7. O-O {[%clk 1:31:42]} Nf6
{[%clk 1:31:13]} 8. e5 {[%clk 1:31:42]} Ng4 {[%clk 1:31:13]} 9. Re1
{[%clk 1:30:40]} Bc5 {[%clk 1:32:26]} 10. Nd4 {[%clk 1:30:40]} Qh4
{[%clk 0:13:56]} 11. h3 {[%clk 0:15:27]} Qxf2+ {[%clk 0:13:56]} 12. Kh1 Nxd4
{[%clk 0:06:56]} 13. Bxf7+ {[%clk 0:09:59]} Qxf7 {[%clk 0:06:56]} 14. hxg4
{[%clk 0:07:41]} Ne6 {[%clk 0:06:06]} 15. Rf1 {[%clk 0:07:20]} Qe7
{[%clk 0:05:19]} 0-1

[Event "MCR mladeze v rapidu 2019"]
[Site "Trest"]
[Date "2019.09.07"]
[Round "6"]
[White "Nagyova, Daniela"]
[Black "Semova, Lada"]
[Result "0-1"]
[BlackElo "1424"]
[WhiteElo "1467"]
[LiveChessVersion "1.4.8"]

1. e4 e5 2. Nf3 Nc6 3. Bc4 Bc5 4. c3 Nf6 5. d4 exd4 6. e5 Ng8 7. cxd4 Bb4+ 8. Nc3
d5 9. Bb5 a6 10. Bxc6+ bxc6 11. O-O Ne7 12. Ng5 h6 13. Nf3 O-O 14. h3 Ng6 15. Be3
a5 16. Nh2 Ba6 17. Re1 Re8 18. Ng4 Kh7 19. Qd2 Qh4 20. Kh2 Re6 21. g3 Qh5 22. Qd1
Qf5 23. Qd2 Ne7 24. a3 Bxc3 25. bxc3 Rb8 26. Kg1 Qh5 27. Kg2 Qf5 28. Kg1 h5 29.
Nh2 Qxh3 30. Bg5 Ng6 31. Rab1 Rxb1 32. Rxb1 f6 33. exf6 gxf6 34. Bxf6 Rxf6 35.
Qe3 h4 36. Qe8 hxg3 37. Qd7+ {[%clk 0:00:03]} Qxd7 0-1

[Event "MCR mladeze v rapidu 2019"]
[Site "Trest"]
[Date "2019.09.07"]
[Round "6"]
[White "Smolik, Jachym"]
[Black "Paseka, Matyas"]
[Result "0-1"]
[BlackElo "2119"]
[WhiteElo "1873"]
[LiveChessVersion "1.4.8"]

1. d4 {[%clk 0:20:09]} d5 {[%clk 0:20:09]} 2. c4 {[%clk 0:20:02]} e6
{[%clk 0:20:12]} 3. Nc3 {[%clk 0:20:06]} c5 {[%clk 0:20:17]} 4. cxd5
{[%clk 0:19:59]} exd5 {[%clk 0:20:21]} 5. Nf3 {[%clk 0:19:41]} Nc6
{[%clk 0:20:24]} 6. Bf4 {[%clk 0:19:23]} Nf6 {[%clk 0:19:37]} 7. e3
{[%clk 0:19:18]} c4 {[%clk 0:19:13]} 8. Be2 {[%clk 0:18:29]} Bf5 {[%clk 0:18:17]}
9. O-O {[%clk 0:16:16]} Bb4 {[%clk 0:17:54]} 10. Bg5 {[%clk 0:15:45]} Bxc3
{[%clk 0:16:58]} 11. bxc3 {[%clk 0:15:46]} h6 {[%clk 0:17:02]} 12. Bh4
{[%clk 0:14:14]} O-O {[%clk 0:17:03]} 13. Ne5 {[%clk 0:13:58]} Qd6
{[%clk 0:16:59]} 14. Bg3 {[%clk 0:11:45]} Qa3 {[%clk 0:16:35]} 15. Nxc6
{[%clk 0:11:16]} bxc6 {[%clk 0:16:39]} 16. Qc1 {[%clk 0:11:19]} Qe7
{[%clk 0:15:45]} 17. f3 {[%clk 0:10:42]} Rfe8 {[%clk 0:15:50]} 18. Bf2
{[%clk 0:10:43]} Rab8 {[%clk 0:15:42]} 19. Bd1 {[%clk 0:10:17]} Bd3
{[%clk 0:14:39]} 20. Re1 {[%clk 0:10:21]} Qb7 {[%clk 0:14:28]} 21. Bc2
{[%clk 0:10:08]} Bxc2 {[%clk 0:13:41]} 22. Qxc2 {[%clk 0:10:12]} Qb2
{[%clk 0:13:44]} 23. Rec1 {[%clk 0:09:36]} Rb7 {[%clk 0:13:18]} 24. Qa4
{[%clk 0:08:12]} Reb8 {[%clk 0:11:26]} 25. Qxc6 {[%clk 0:07:55]} Qd2
{[%clk 0:11:17]} 26. Qc5 {[%clk 0:04:59]} Rb2 {[%clk 0:10:43]} 27. Rf1
{[%clk 0:05:03]} Rxa2 {[%clk 0:09:50]} 28. Rxa2 {[%clk 0:04:02]} Qxa2
{[%clk 0:09:53]} 29. Qc6 {[%clk 0:03:17]} Qc2 {[%clk 0:08:05]} 30. Qc7
{[%clk 0:02:08]} Rb2 {[%clk 0:07:35]} 31. Qxa7 {[%clk 0:02:11]} Qxc3
{[%clk 0:07:38]} 32. Qa8+ {[%clk 0:01:38]} Kh7 {[%clk 0:07:42]} 33. Qf8
{[%clk 0:01:39]} Qd2 {[%clk 0:07:16]} 34. Qxf7 {[%clk 0:01:24]} c3
{[%clk 0:07:21]} 35. Qa7 {[%clk 0:00:51]} c2 {[%clk 0:05:34]} 36. Qa1
{[%clk 0:00:54]} Qb4 {[%clk 0:05:37]} 37. Qc1 {[%clk 0:00:07]} Qb3
{[%clk 0:05:39]} 38. Qd2 {[%clk 0:00:11]} Rb1 {[%clk 0:05:34]} 39. e4
{[%clk 0:00:06]} Rxf1+ {[%clk 0:05:33]} 40. Kxf1 {[%clk 0:00:10]} Qb1+ 0-1

[Event "MCR mladeze v rapidu 2019"]
[Site "Trest"]
[Date "2019.09.07"]
[Round "6"]
[White "Soucek, Jan"]
[Black "Seidl, Jan"]
[Result "1-0"]
[BlackElo "1647"]
[WhiteElo "1778"]
[LiveChessVersion "1.4.8"]

1. e4 {[%clk 0:20:01]} c5 {[%clk 0:20:09]} 2. Nf3 {[%clk 0:20:05]} d6
{[%clk 0:20:11]} 3. d4 {[%clk 0:20:05]} cxd4 {[%clk 0:20:14]} 4. Nxd4
{[%clk 0:20:09]} g6 {[%clk 0:20:10]} 5. Nc3 {[%clk 0:20:03]} a6 {[%clk 0:20:04]}
6. Be2 {[%clk 0:20:00]} Bg7 {[%clk 0:19:53]} 7. O-O {[%clk 0:19:47]} Nf6
{[%clk 0:19:39]} 8. a4 {[%clk 0:19:24]} Nc6 {[%clk 0:19:16]} 9. Be3
{[%clk 0:19:20]} O-O {[%clk 0:18:55]} 10. h3 {[%clk 0:19:03]} Qc7
{[%clk 0:18:06]} 11. Re1 {[%clk 0:17:02]} Nxd4 {[%clk 0:16:57]} 12. Bxd4
{[%clk 0:16:33]} Be6 {[%clk 0:16:42]} 13. Nd5 {[%clk 0:14:08]} Nxd5
{[%clk 0:15:02]} 14. exd5 {[%clk 0:13:22]} Bf5 {[%clk 0:14:42]} 15. Bxg7
{[%clk 0:12:57]} Kxg7 {[%clk 0:14:42]} 16. c4 {[%clk 0:12:23]} Qb6
{[%clk 0:14:40]} 17. Qd2 {[%clk 0:12:00]} Rac8 {[%clk 0:13:55]} 18. a5
{[%clk 0:10:12]} Qc7 {[%clk 0:13:44]} 19. Bf1 {[%clk 0:09:50]} Rb8
{[%clk 0:11:52]} 20. Ra3 {[%clk 0:04:54]} b6 {[%clk 0:09:57]} 21. axb6
{[%clk 0:04:06]} Rxb6 {[%clk 0:09:46]} 22. Rxe7 {[%clk 0:01:36]} Qxe7
{[%clk 0:09:04]} 23. Qd4+ {[%clk 0:01:40]} Qe5 {[%clk 0:08:18]} 24. Qxb6
{[%clk 0:01:42]} Re8 {[%clk 0:07:57]} 25. Qxa6 {[%clk 0:00:40]} Qxb2
{[%clk 0:07:12]} 26. Qxd6 {[%clk 0:00:36]} Re1 {[%clk 0:07:07]} 27. Re3
{[%clk 0:00:17]} Rd1 {[%clk 0:05:01]} 28. Qc5 {[%clk 0:00:09]} Qa1
{[%clk 0:05:01]} 29. d6 {[%clk 0:00:08]} Rxf1+ 30. Kh2 Rxf2 {[%clk 0:04:33]} 31.
Re8 {[%clk 0:00:09]} Qf1 {[%clk 0:04:18]} 32. Qd5 {[%clk 0:00:10]} Be6
{[%clk 0:04:08]} 33. Qe5+ {[%clk 0:00:13]} f6 {[%clk 0:03:19]} 34. Re7+
{[%clk 0:00:16]} Kh8 {[%clk 0:03:03]} 35. Qe4 {[%clk 0:00:20]} Re2
{[%clk 0:02:16]} 36. Qa8+ {[%clk 0:00:10]} Bg8 {[%clk 0:02:19]} 37. Rxe2
{[%clk 0:00:09]} Qxe2 {[%clk 0:02:19]} 38. d7 {[%clk 0:00:09]} Qe5+
{[%clk 0:02:19]} 39. Kg1 {[%clk 0:00:12]} Qe1+ {[%clk 0:02:23]} 40. Kh2
{[%clk 0:00:16]} Qe5+ {[%clk 0:02:26]} 41. g3 {[%clk 0:00:17]} Qe2+
{[%clk 0:01:38]} 42. Qg2 {[%clk 0:00:20]} Qe7 {[%clk 0:01:42]} 43. Qd2
{[%clk 0:00:11]} Qd8 {[%clk 0:01:44]} 44. Qd4 {[%clk 0:00:14]} Be6
{[%clk 0:01:46]} 45. c5 {[%clk 0:00:10]} Kg7 {[%clk 0:00:54]} 46. c6
{[%clk 0:00:15]} Kf7 {[%clk 0:00:54]} 47. Qd6 {[%clk 0:00:17]} h5
{[%clk 0:00:43]} 48. h4 {[%clk 0:00:16]} Kg7 {[%clk 0:00:24]} 49. Kg2
{[%clk 0:00:19]} Bg4 {[%clk 0:00:21]} 50. Kf1 {[%clk 0:00:15]} Kf7
{[%clk 0:00:23]} 51. Qd5+ {[%clk 0:00:18]} Be6 {[%clk 0:00:26]} 52. Qd6
{[%clk 0:00:21]} Bg4 {[%clk 0:00:28]} 53. Qc5 {[%clk 0:00:13]} 1-0